000 00581nam a2200157Ia 4500
008 151213s9999 xx 000 0 und d
100 _aরবীন্দ্রনাথ ঠাকুর
245 _aগীতাঞ্জলী
_cরবীন্দ্রনাথ ঠাকুর
250 _a১ম সং
260 _aতোফাজ্জল হোসেন ঢাকা
_bতোফাজ্জল হোসেন
_c2007
300 _a8329 p.
650 _aBangla
650 _aকবিতা
700 _aরবীন্দ্রনাথ ঠাকুর
999 _c4171
_d4171